| 000 | 01048nam a2200289 a 4500 | ||
|---|---|---|---|
| 001 | BRL_1930 | ||
| 005 | 20190320211435.0 | ||
| 008 | 190815s1961----au-h######---#000-0#eng-# | ||
| 041 | _aeng | ||
| 044 | _aau | ||
| 050 | 4 |
_aF1219 _b.C635 1961 |
|
| 130 | 0 |
_aCodices Becker I _928256 |
|
| 245 | 1 | 0 |
_aCodices Becker I/II _cMuseum fur volkerkunde wien. inv. nr. 60306 und 60307; kommentar und beschreibung Karl A. Nowotny. |
| 260 |
_aAustria _bAkademische Druck _c1961 |
||
| 300 |
_a28 p. _bil. _c40 cm. _e+ facsimile 1 (16 laminas + 23 cm.) facsimile 2 (4 laminas + 31 cm.) |
||
| 440 | 0 |
_aCodices selecti Phototypice impressi _v4 _928257 |
|
| 500 | _aAu2172 | ||
| 504 | _aBibliografía: p. 27-28 | ||
| 650 | 1 | 4 |
_aManuscritos mexicanos _xFacsímiles _95310 |
| 650 | 1 | 4 |
_aIndígenas de México _xLenguas _918535 |
| 651 | 4 |
_aMéxico _xAntigüedades _92765 |
|
| 700 | 1 |
_aNowotny, Karl Anton, _d1904-1978 _eed. _928258 |
|
| 710 | 2 |
_aMuseum fu¨r Vo¨lkerkunde (Austria) _928259 |
|
| 730 | 0 |
_aCodices Becker II _928260 |
|
| 902 | _aGRL | ||
| 942 |
_2lcc _cB |
||
| 999 |
_c10738 _d10738 |
||